00898cam a22002411 4500001001300000003000400013005001700017008004100034010001700075035002000092040004000112042001200152050001600164100002900180245015600209260005500365300002500420500007800445650002800523650002400551700006400575999001700639gs 07000437 DLC20260227111305.0930322s1872 nyuf 000 0 eng c ags 07000437  a(OCoLC)27773275 aU.S. Geol. Survey LibrarycNNMdDLC apremarc00aQE728b.H171 aHall, James,d1811-1898.00aDescriptions of new species of fossils.bFrom the Devonian rocks of Iowa; with a preliminary note on the formations.cBy James Hall and R.P. Whitfield. aAlbany,bWeed, Parsons & Company, printers,c1872. a21 p.b4 pl.c24 cm. aPublished July, 1872, in advance of the 23rd report on the state cabinet. 0aPaleontologyyDevonian. 0aPaleontologyzIowa.1 aWhitfield, R. P.q(Robert Parr),d1828-1910,ejoint author. c24578d24578